000 00727nam a22002297a 4500
001 3509
003 FISKH
005 20250306145447.0
008 240314b cb ||||| |||| 00| 0 eng d
040 _aFISK
_beng
_cFISK
_dFISK
050 _aPZ7.G75153
100 _aGraeber Charlotte
_d1976-
245 _aIn out and about catfish pond /
_cCharlotte Graeber
260 _aMelrose :
_bCharlotte Graeber,
_c1984
300 _a60 pages :
_billustrations,
_c20 cm
505 _aK
520 _aFour short tales in which Beaver, Otter, Muskrat, and other pond animals learn how to live together in harmony.
521 8 _aestimates,
_bLexiles
700 _aCharlotte Graeber
942 _2ddc
_cBK
_n0
999 _c3509
_d3509